header

The politics of transformation : (Record no. 266168)

MARC details
000 -LEADER
fixed length control field 01368cam a2200361 a 4500
001 - CONTROL NUMBER
control field 2030761
003 - CONTROL NUMBER IDENTIFIER
control field OSt
005 - DATE AND TIME OF LATEST TRANSACTION
control field 20260413125505.0
008 - FIXED-LENGTH DATA ELEMENTS--GENERAL INFORMATION
fixed length control field 920302s1992 ctua b 001 0 eng
010 ## - LIBRARY OF CONGRESS CONTROL NUMBER
LC control number 92009099
020 ## - INTERNATIONAL STANDARD BOOK NUMBER
International Standard Book Number 0275940578
Qualifying information alk. paper
International Standard Book Number 9780275940577
Qualifying information (alk. paper)
035 ## - SYSTEM CONTROL NUMBER
System control number 2030761
040 ## - CATALOGING SOURCE
Original cataloging agency DLC
Transcribing agency DLC
Modifying agency DLC
043 ## - GEOGRAPHIC AREA CODE
Geographic area code n-us---
050 00 - LIBRARY OF CONGRESS CALL NUMBER
Classification number JX1961.U6
Item number Z57 1992
082 00 - DEWEY DECIMAL CLASSIFICATION NUMBER
Classification number 327.1/72/0973
Edition number 20
100 1# - MAIN ENTRY--PERSONAL NAME
Personal name Zisk, Betty H.,
Dates associated with a name 1930-
245 14 - TITLE STATEMENT
Title The politics of transformation :
Remainder of title local activism in the peace and environmental movements /
Statement of responsibility, etc Betty H. Zisk.
260 ## - PUBLICATION, DISTRIBUTION, ETC. (IMPRINT)
Place of publication, distribution, etc Westport, Conn. :
Name of publisher, distributor, etc Praeger,
Date of publication, distribution, etc 1992.
300 ## - PHYSICAL DESCRIPTION
Extent xiv, 256 p. :
Other physical details ill. ;
Dimensions 25 cm.
336 ## - CONTENT TYPE
Content type term text
Content type code txt
Source rdacontent
337 ## - MEDIA TYPE
Media type term unmediated
Media type code n
Source rdamedia
338 ## - CARRIER TYPE
Carrier type term volume
Carrier type code nc
Source rdacarrier
440 #0 - SERIES STATEMENT/ADDED ENTRY--TITLE
Title Praeger series in transformational politics and political science
504 ## - BIBLIOGRAPHY, ETC. NOTE
Bibliography, etc Includes bibliographical references (p. [245]-251) and index.
650 #0 - SUBJECT ADDED ENTRY--TOPICAL TERM
Topical term or geographic name as entry element Peace movements
Geographic subdivision United States.
Topical term or geographic name as entry element Environmental protection
Geographic subdivision United States
General subdivision Citizen participation.
906 ## - LOCAL DATA ELEMENT F, LDF (RLIN)
a 7
b cbc
c orignew
d 1
e ocip
f 19
g y-gencatlg
942 ## - ADDED ENTRY ELEMENTS (KOHA)
Source of classification or shelving scheme Library of Congress Classification
Koha item type Long Loan Books
Holdings
Withdrawn status Lost status Source of classification or shelving scheme Damaged status Not for loan Collection code Home library Current library Shelving location Date acquired Source of acquisition Total Checkouts Full call number Barcode Date last seen Price effective from Koha item type
    Library of Congress Classification     Non-fiction Rongo University Library Rongo University Library General Stacks 13/04/2026 Books for Africa, Donation   JX1961.U6 Z57 1992 20261637 13/04/2026 13/04/2026 Long Loan Books

© 2026 Rongo University
Contact us: librarian | system librarian | Rongo university